000 01036cam a22002771i 4500
003 SA-RiAUC
005 20241010071447.0
008 241009s2000 le g b 00000 ara c
020 _a2745130455
040 _aSA-RiAUC
_bara
_cSA-RiAUC
_erda
050 4 _b.D56 2000
082 0 4 _a414
090 _a414
_bض ن ا
100 1 _aالضناوي، محمد أمين
_eمؤلف.
245 1 0 _aمعين الطالب في علوم البلاغة :
_bعلم المعاني-علم البديع-علم البيان /
_cإعداد محمد أمين الضناوي.
250 _aالطبعة الأولى.
264 1 _aبيروت :
_bدار الكتب العلمية،
_c2000
300 _a224 صفحة ؛
_c24 سم
336 _aنص
_btxt
_2rdacontent
_3كتاب
337 _aبدون وسيط
_bn
_2rdamedia
338 _aمجلد
_bnc
_2rdacarrier
504 _aببليوجرافية : صفحة 221.
650 7 _aالبلاغة العربية
_2aucsh
942 _2ddc
_cBOOK
_n0
949 _aSA-JeALM
_d241009
_umohamedma123
_n1
999 _c1112
_d1112